000 00528nam a2200193Ia 4500
005 20250326145152.0
008 250326s9999 xx 000 0 und d
037 _aTextbook
040 _aFMSL
_beng
_cFMSL
041 _aeng
_2eng
084 _aY:4515.2 Q1
_qFMSL
100 _aNaidu Y G
_9750762
245 0 _aViolence against women in India
_cNaidu Y G
260 _aNew Delhi
_bNew Delhi, Serials
_c2011
365 _b895
650 _aManagement
942 _cTB
_hY:4515.2 Q1
999 _c1306620
_d1306620